Historia de México : guía didáctica :

Gespeichert in:
Bibliographische Detailangaben
Körperschaft: México. Secretaría de Educación Pública.
Weitere Verfasser: Solange, Alberro (Projektleitung)
Format: Buch
Sprache:Spanisch
Erschienen: México: Secretaría de Educación Pública , 1992
Katalog:MANES:  Suchergebnis im Bibliothekskatalog
Schulbuchspezifische Eigenschaften:
Schriftenreihe:Serie de guías de historia de México.
Tags: Tag hinzufügen
Keine Tags, Fügen Sie den ersten Tag hinzu!
Hinzugefügt zu:25.01.1996
Geändert in:08.05.2025

MARC

LEADER 00000nam a2200000 4500
003 OSt
005 20250508092023.0
008 960126s1992 mx f 1 spa u
020 |a 9682944430 (Serie de guias)  |a 9682943981 (4º) 
040 |a CINV  |c CINV 
050 0 4 |a LTG LB1582.G8  |b M49 4º 1992 
110 1 |a México.  |b Secretaría de Educación Pública.  |9 24090 
245 1 0 |a Historia de México :  |b guía didáctica :  |b cuarto grado /  |c colaboración Solange Alberro...[et al.]. 
260 |a México:  |b Secretaría de Educación Pública ,  |c 1992 
300 |a 102 p. ;  |c 27 cm. 
440 4 |a Serie de guías de historia de México.  |9 24819 
500 |a Título de la cubierta : Historia de México : guía para el maestro: cuarto grado: educación primaria. 
546 |a México 
561 |5 mx-CINVES  |a México. DIE-Cinvestav (Ciudad de México)  |k MANES 
690 0 |a HI 
691 0 |a PRI 
700 1 |a Solange, Alberro  |e coord.  |9 24820 
910 |a E-34646  |a E-34647(ej.2) 
942 |2 lcc  |c BK 
999 |c 54589  |d 54589 
999 |c manes:54589  |d 54589